Statistics for National Founders #2

Click here to take the quiz!

General Stats

  • This quiz has been taken 55 times
  • The average score is 9 of 15

Answer Stats

LeaderCountry% Correct
Fidel CastroCuba
96%
Simon BolivarVenezuela / Bolivia / Columbia / Ecuador / Peru / Panama
96%
Giuseppe GaribaldiItaly
92%
Kim Il-sungNorth Korea
88%
LeninUSSR
86%
Alexander HamiltonUnited States
82%
Chiang Kai-shekTaiwan
73%
Michael CollinsIreland
65%
John HancockUnited States
57%
Birger JarlSweden
45%
Emilio AguinaldoPhilippines
33%
Edmund BartonAustralia
31%
Thomas Stamford RafflesSingapore
29%
Ahmed Ben BellaAlgeria
24%
Alfred EscherSwitzerland
24%

Score Distribution

Percentile by Number Answered

Percent of People with Each Score

Your Score History

You have not taken this quiz